Lo que soy es un formidable carácter : iconografía de Manuela Sáenz /

Gespeichert in:
Bibliographische Detailangaben
1. Verfasser: Cifuentes, María
Format: Unbekannt
Schlagworte:
Tags: Tag hinzufügen
Keine Tags, Fügen Sie den ersten Tag hinzu!

MARC

LEADER 000000000a22000000004500
001 006549
100 1 |a Cifuentes, María 
245 1 0 |a Lo que soy es un formidable carácter :   |b iconografía de Manuela Sáenz /   |c María Cifuentes. 
310 |a semestral 
650 4 |a ÉPOCA INDEPENDENTISTA 
650 4 |a AMÉRICA LATINA 
650 4 |a SIGLO XIX 
650 4 |a SAENZ, MANUELA 
650 4 |a BOLÍVAR, SIMÓN, (1783-1830) 
650 4 |a NARRATIVA OFICIAL 
650 4 |a MUJER 
650 4 |a PARTICIPACION POLÍTICA DE LA MUJER 
650 4 |a MODELO DE CIUDADANIA 
650 4 |a ARTE 
650 4 |a IDENTIDAD 
650 4 |a MUJER CRIOLLA 
650 4 |a MUJER BLANCA 
773 0 |x 0798-958-X  |d Venezuela : Universidad Simón Bolívar  |t Estudios: Revista de Investigaciones Literarias y Culturales   |g volumen 6, número 12, páginas 123-145 
942 |c ARC 
999 |c 12922  |d 12922